[Event "Lahti op"]
[Site "Lahti"]
[Date "1996.??.??"]
[Round "2"]
[White "Kekki, Petri"]
[Black "Paasikangas, Johanna"]
[Result "1-0"]
[WhiteElo "2350"]
[BlackElo "2200"]

1.d4 Nf6 2.Nf3 g6 3.g3 Bg7 4.Bg2 O-O 5.c4 d6 6.O-O c6 7.Nc3 Na6 8.e4 Qc7
9.h3 e5 10.Be3 Nd7 11.Rc1 f5 12.Qd2 Nf6 13.Rfe1 Nh5 14.Bg5 f4 15.g4 h6 16.Bh4 exd4
17.Ne2 Nf6 18.Bxf6 Bxf6 19.Nxf4 Kh7 20.Nd3 Re8 21.c5 Nxc5 22.Nxc5 dxc5 23.Rxc5 b6
24.Rcc1 Bb7 25.e5 Bxe5 26.Nxe5 Rxe5 27.Qxd4 Rxe1+ 28.Rxe1 Rf8 29.Re6 c5 30.Qd3 Rg8
31.Bxb7 Qxb7 32.h4 c4 33.Qxc4 h5 34.g5 Rg7 35.Qe4 Qd7 36.Kg2 Qf7 37.a3 Qc7
38.Qe5 Qd7 39.Qe4 Qc7 40.Rf6 Qc8 41.a4 Qd8 42.Re6 Qc7 43.b4 Qd8 44.b5 Qc7
45.f4 Qd7 46.f5 Qd2+ 47.Kg3 Qc3+ 48.Qf3 Qxf3+ 49.Kxf3 gxf5 50.Kf4 Rc7 51.Kxf5 Kg7
52.Re4 Rf7+ 53.Ke6 Rf3 54.Kd6 Rg3 55.Kc6 Rg4 56.Re7+ Kg6 57.Rxa7 Rxh4 58.Kxb6 Rc4
59.Ra8 h4 60.a5 Kg7 61.Rd8  1-0

[Event "CUB-ch"]
[Site "Las Tunas"]
[Date "1996.??.??"]
[Round "1"]
[White "Nogueiras, Jesus"]
[Black "Diaz, Joaquin C"]
[Result "1-0"]
[WhiteElo "2535"]
[BlackElo "2375"]

1.d4 Nf6 2.Nf3 g6 3.c4 Bg7 4.g3 O-O 5.Bg2 d6 6.Nc3 Nbd7 7.O-O e5 8.h3 c6
9.e4 Re8 10.Re1 exd4 11.Nxd4 Qb6 12.Re2 Nc5 13.Nb3 Nfd7 14.Be3 Qc7 15.Nxc5 dxc5
16.Qc2 Ne5 17.Rd1 Nxc4 18.Bxc5 b6 19.Bd4 Bxd4 20.Rxd4 Ba6 21.Re1 Rad8 22.Red1 Rxd4
23.Rxd4 Rd8 24.Rxd8+ Qxd8 25.Bf1 Qc8 26.Qe2 b5 27.b3 Ne5 28.b4 Qd8 29.Qe3 Qd4
30.Qxd4 Nf3+ 31.Kg2 Nxd4 32.Bd3 f6 33.f3 Bc8 34.h4 a6 35.Kf2 Ne6 36.Ke3 c5
37.a3 Bb7 38.f4 cxb4 39.axb4 Nd8 40.Bc2 Bc8 41.Bb3+ Be6 42.Bd5 Bxd5 43.Nxd5 Kf7
44.Nc7 Nc6 45.Nxa6 Ke7 46.Nc7 Nxb4 47.Nxb5 Nc6 48.Nd4 Nd8 49.g4 Nf7 50.Nf3 Ke6
51.g5 fxg5 52.Nxg5+  1-0

[Event "Leiner op"]
[Site "Leiner"]
[Date "1996.??.??"]
[Round "1"]
[White "Horvath, J."]
[Black "Doskocil, Klaus"]
[Result "1-0"]
[WhiteElo "2505"]
[BlackElo "2240"]

1.d4 Nf6 2.Nf3 g6 3.c4 Bg7 4.g3 O-O 5.Bg2 d6 6.Nc3 Nbd7 7.O-O e5 8.e4 Re8
9.h3 c6 10.Rb1 exd4 11.Nxd4 Nc5 12.Re1 a5 13.Bf4 Nh5 14.Be3 Qc7 15.b3 Nf6
16.Qc2 Nfd7 17.Rbd1 Nb6 18.Kh2 Bd7 19.Re2 Rad8 20.Red2 Bc8 21.Bg5 f6 22.Bf4 Bf8
23.Nde2 Be6 24.Be3 Bf7 25.Bd4 Nbd7 26.f4 Bg7 27.Bf2 Nb6 28.Nd4 Nc8 29.Nf3 Na6
30.Qc1 Bh6 31.Re2 Re7 32.Bd4 Bg7 33.Rde1 Rde8 34.Nd1 Nb4 35.Nf2 Nb6 36.Qc3 Nd7
37.Ng4 Re6 38.a3 Na6 39.Qc2 Ndc5 40.f5 gxf5 41.exf5 Rxe2 42.Rxe2 Rxe2 43.Qxe2 Qd8
44.Qe3 Nd7 45.Nh6+ Bxh6 46.Qxh6 Qf8 47.Qh4 Qg7 48.g4 Ne5 49.Bxe5 dxe5 50.g5 fxg5
51.Nxg5 Nc5 52.b4 axb4 53.axb4 Nd3 54.Ne6 Bxe6 55.fxe6 Qg6 56.Qd8+ Kg7 57.e7 Qf5
58.e8=N+ Kg6 59.Be4 Qxe4 60.Qf6+  1-0

[Event "Leiner op"]
[Site "Leiner"]
[Date "1996.??.??"]
[Round "3"]
[White "Kiss, Attila"]
[Black "Groszpeter, Attila"]
[Result "1/2-1/2"]
[WhiteElo "2395"]
[BlackElo "2565"]

1.d4 Nf6 2.c4 g6 3.Nf3 Bg7 4.g3 O-O 5.Bg2 d6 6.Nc3 Nc6 7.O-O a6 8.Bd2 Bd7
9.Rc1 b5 10.cxb5 axb5 11.d5 Na5 12.b4 Nc4 13.Nd4 Qb8 14.Bg5 Qb6 15.e3 Rfe8
16.Qe2 Bg4 17.Qc2 Na3  1/2-1/2

[Event "Leiner op"]
[Site "Leiner"]
[Date "1996.??.??"]
[Round "5"]
[White "Horvath, J."]
[Black "Schweda, Roland"]
[Result "1-0"]
[WhiteElo "2505"]
[BlackElo "2330"]

1.d4 Nf6 2.Nf3 g6 3.c4 Bg7 4.g3 O-O 5.Bg2 d6 6.Nc3 Nc6 7.O-O a6 8.d5 Na5
9.Nd2 c5 10.Qc2 Rb8 11.b3 b5 12.Bb2 bxc4 13.bxc4 Bh6 14.f4 e5 15.Rab1 exf4
16.gxf4 Re8 17.Nce4 Nxe4 18.Nxe4 Bf5 19.Bf6 Bxe4 20.Bxd8 Bxc2 21.Rxb8 Nxc4
22.e4 Ne3 23.Rf2 c4 24.Bc7 Rxb8 25.Bxb8 Bd3 26.e5 c3 27.exd6 Kf8 28.d7 Ke7
29.Rf3 Nxg2 30.Kxg2 c2 31.Bd6+  1-0

[Event "Wch U26"]
[Site "Leon"]
[Date "1996.??.??"]
[Round "1"]
[White "Maherramzade, Javad"]
[Black "Maes, Wim"]
[Result "1-0"]
[WhiteElo "2415"]
[BlackElo "2205"]

1.d4 Nf6 2.Nf3 g6 3.g3 Bg7 4.Bg2 O-O 5.c4 d6 6.O-O c6 7.Nc3 Qa5 8.h3 Be6
9.Nd2 Na6 10.d5 cxd5 11.Nb3 Qc7 12.cxd5 Bd7 13.e4 Rfc8 14.Be3 b5 15.Rc1 b4
16.Nb5 Qb7 17.Rxc8+ Bxc8 18.N5d4 Nd7 19.f4 Ndc5 20.e5 Nxb3 21.axb3 Bd7 22.e6 Bb5
23.exf7+ Kxf7 24.Rf2 Kg8 25.Ne6 Bf6 26.f5 Be8 27.Bd4 Rc8 28.fxg6 Bxg6 29.Bxf6 exf6
30.Rxf6 Nc5 31.Qg4 Qe7 32.Nxc5 Rxc5 33.Re6 Qg7 34.Rxd6 Qxb2 35.Rxg6+ hxg6
36.Qxg6+ Kh8 37.Qe8+  1-0

[Event "Wch U26"]
[Site "Leon"]
[Date "1996.??.??"]
[Round "7"]
[White "Maherramzade, Javad"]
[Black "Zulfugarli, Magomed"]
[Result "1/2-1/2"]
[WhiteElo "2415"]
[BlackElo "2325"]

1.d4 Nf6 2.Nf3 g6 3.g3 Bg7 4.Bg2 O-O 5.c4 d6 6.Nc3 Nbd7 7.O-O e5 8.e4 c6
9.h3 Re8 10.Re1 exd4 11.Nxd4 Nc5 12.Bf4 Nh5 13.Be3 Nf6 14.Qc2 a5 15.Rad1 Qe7
16.f4 Nfxe4 17.Nxe4 Nxe4 18.Bxe4 Qxe4 19.Bf2 Qxe1+ 20.Rxe1 Rxe1+ 21.Bxe1 Bxd4+
22.Bf2 Bxf2+ 23.Qxf2 Bxh3 24.Qb6 Be6 25.Qxb7 Rc8 26.Qa6 d5 27.Qxa5 d4 28.Qb6 c5
29.a4 d3 30.Qd6 Bxc4 31.Qd7 Rb8 32.a5 Bb5 33.Qd6 Re8 34.f5 gxf5 35.Kf2 Re2+
36.Kf3 d2 37.Qd8+ Kg7 38.Qg5+ Kf8  1/2-1/2

[Event "Liechtenstein op"]
[Site "Liechtenstein"]
[Date "1996.??.??"]
[Round "3"]
[White "Espig, Lutz"]
[Black "Baburin, Alexander"]
[Result "1/2-1/2"]
[WhiteElo "2505"]
[BlackElo "2395"]

1.Nf3 Nf6 2.c4 g6 3.d4 Bg7 4.g3 O-O 5.Bg2 d6 6.O-O Nbd7 7.Qc2 e5 8.Rd1 Re8
9.dxe5 dxe5 10.e4 c6 11.h3 Qe7 12.Be3 Nc5 13.Nc3 a5 14.Rab1 Nfd7 15.a3 Na6
16.Na4 Nac5 17.Nc3 Na6 18.Na4 Nac5 19.Nc3  1/2-1/2

[Event "Anibal op 3rd"]
[Site "Linares"]
[Date "1996.??.??"]
[Round "?"]
[White "Cvitan, Ognjen"]
[Black "Lyrberg, Patrik"]
[Result "1-0"]
[WhiteElo "2540"]
[BlackElo "2425"]

1.Nf3 g6 2.d4 Nf6 3.c4 Bg7 4.g3 O-O 5.Bg2 d6 6.O-O Nbd7 7.Nc3 e5 8.e4 a6
9.dxe5 dxe5 10.Qc2 b5 11.Rd1 b4 12.Nd5 Rb8 13.Bd2 a5 14.Qa4 Nxe4 15.Qxa5 Nd6
16.Rac1 e4 17.Bg5 f6 18.Nd4 Ne5 19.Bf4 Ndxc4 20.Qc5 Rf7 21.Rxc4 Bf8 22.Nxf6+  1-0

[Event "Anibal op 3rd"]
[Site "Linares"]
[Date "1996.??.??"]
[Round "?"]
[White "Akopian, Vladimir"]
[Black "Ferrer Sanchez, P."]
[Result "1-0"]
[WhiteElo "2620"]
[BlackElo "2280"]

1.Nf3 Nf6 2.d4 g6 3.c4 Bg7 4.g3 O-O 5.Bg2 d6 6.Nc3 Nc6 7.d5 Na5 8.b3 c5 9.Bb2 a6
10.O-O b5 11.cxb5 axb5 12.Nxb5 Bb7 13.Bxf6 Bxf6 14.Rb1 Ba6 15.Na3 Qc7 16.Nd2 Rfb8
17.Bf3 Bc8 18.Ne4 Bg7 19.Nc2 Nb7 20.a3 Na5 21.b4 Nc4 22.Qc1 Ne5 23.Bg2 Ba6
24.Re1 Qa7 25.h3 f5 26.Ng5 Bh6 27.Qf4 Nf7 28.h4 Rf8 29.bxc5 Qxc5 30.Rec1 Nxg5
31.hxg5 Bg7 32.Nb4 Qa7 33.Nc6 Qd7 34.Qe3 Bb7 35.Nxe7+ Kh8 36.Qe6 Qxe6 37.dxe6 Bxg2
38.Kxg2 Rxa3 39.Rc7 Re8 40.Nd5 Ra5 41.Nf6  1-0

[Event "Anibal op 3rd"]
[Site "Linares"]
[Date "1996.??.??"]
[Round "?"]
[White "Kurajica, Bojan"]
[Black "Thipsay, Praveen Mahadeo"]
[Result "1-0"]
[WhiteElo "2505"]
[BlackElo "2475"]

1.d4 Nf6 2.Nf3 g6 3.g3 Bg7 4.Bg2 O-O 5.c4 d6 6.O-O Nbd7 7.Nc3 e5 8.e4 c6
9.b3 exd4 10.Nxd4 Re8 11.h3 Nc5 12.Re1 Bd7 13.b4 Ne6 14.Nde2 a5 15.b5 Qc7
16.Be3 Nc5 17.bxc6 bxc6 18.Bxc5 dxc5 19.Qc2 Be6 20.Na4 Nd7 21.Rab1 Ne5 22.Nf4 Qe7
23.Nxe6 Qxe6 24.Nxc5 Qxc4 25.Qxc4 Nxc4 26.Rbc1 Nb2 27.Re2 Rad8 28.Rcc2 Rd1+
29.Kh2 Nd3 30.Nxd3 Rxd3 31.Rxc6 a4 32.f4 a3 33.e5 Rd7 34.Ra6 Bf8 35.g4 Rb8
36.Bc6 Rc7 37.Bd5 Rb2 38.Rg2 Rcc2 39.Rxc2 Rxc2+ 40.Kg3 Rc3+ 41.Kg2 Rc7 42.Ra8 Re7
43.h4 h6 44.Bb3 g5 45.fxg5 hxg5 46.h5 Rxe5 47.Kf2 Re4 48.h6 Rxg4 49.h7+ Kxh7
50.Rxf8 Rf4+ 51.Kg3 Kg6 52.Rg8+ Kh6 53.Ra8 f5 54.Ra6+ Kg7 55.Rxa3 Rg4+ 56.Kf3 Rf4+
57.Ke3 Re4+ 58.Kd3 g4 59.Ra6 Re5 60.Re6 Rb5 61.Bc4 Rb4 62.Kc3 Ra4 63.Ra6 Rxc4+
64.Kxc4 g3 65.Rb6  1-0

[Event "Anibal op 3rd"]
[Site "Linares"]
[Date "1996.??.??"]
[Round "?"]
[White "Ortega, Lexy"]
[Black "Gallego, Victoriano"]
[Result "1/2-1/2"]
[WhiteElo "2490"]
[BlackElo "2370"]

1.d4 Nf6 2.Nf3 g6 3.c4 Bg7 4.g3 d6 5.Bg2 O-O 6.O-O c5 7.Nc3 Nc6 8.dxc5 dxc5
9.Be3 Qa5 10.Qb3 Bd7 11.Rfd1 b6 12.Qb5 Rac8 13.Rac1 Rfd8 14.h3 Be8 15.Kh2 h6
16.Ne1 Qxb5 17.Nxb5 Rxd1 18.Rxd1 a6 19.Nc3 Nd7 20.Na4 Nd4 21.Bb7 Rb8 22.Bxa6 Nxe2
23.Bb5 Nd4 24.Bxd4 Bxd4 25.Kg2 e5 26.Nc2 Kf8 27.Ne3 Ke7 28.Nd5+ Kd6 29.Nac3 f5
30.Ba4 Bf7 31.Nb5+ Ke6 32.b4 Nf6 33.Nbc7+ Kd6 34.Nb5+ Ke6 35.bxc5 bxc5 36.Nbc7+ Kd6
37.Nb5+ Ke6  1/2-1/2

[Event "SWE-chJ"]
[Site "Linkoping"]
[Date "1996.??.??"]
[Round "?"]
[White "Von Bahr, Oskar"]
[Black "Sunehag, Peter"]
[Result "1/2-1/2"]
[WhiteElo "2180"]
[BlackElo "2115"]

1.d4 Nf6 2.Nf3 g6 3.c4 Bg7 4.g3 O-O 5.Bg2 d6 6.O-O c6 7.Nc3 Qa5 8.e4 Bg4
9.h3 Bxf3 10.Bxf3 Nfd7 11.Be3 a6 12.Qb3 Ra7 13.Rac1 c5 14.d5 b5 15.Be2 bxc4
16.Bxc4 Nb6 17.Be2 N8d7 18.Qc2 Ne5 19.b3 Rc7 20.Bd2 c4 21.b4 Qa3 22.Nb1 Qa4
23.Qxa4 Nxa4 24.f4 Nd7 25.Rxc4 Rxc4 26.Bxc4 Bd4+ 27.Kg2 Rc8 28.Rc1 Bb2 29.Rc2 Nab6
30.Bd3 Rxc2 31.Bxc2 Nc4 32.Bd3 Nxd2 33.Nxd2 Bc3 34.Nb3 Bxb4 35.Bxa6 Nc5 36.Nxc5 Bxc5
37.a4 Kf8 38.Bb5 e6 39.Bc4 Ke7 40.a5 exd5 41.Bxd5 f6 42.Bg8 h6 43.Kf3 Kd7
44.Bc4 Kc6 45.g4 g5 46.f5 Ba7 47.Ke2 Kc5 48.Kd3 Bb8 49.Kc3 Bc7 50.a6 Bb6
51.Bd5 Ba7  1/2-1/2

[Event "SWE-chJ"]
[Site "Linkoping"]
[Date "1996.??.??"]
[Round "?"]
[White "Von Bahr, Oskar"]
[Black "Tagesson, Bjorn"]
[Result "1/2-1/2"]
[WhiteElo "2180"]
[BlackElo "2075"]

1.d4 Nf6 2.Nf3 g6 3.c4 Bg7 4.g3 O-O 5.Bg2 d6 6.O-O c6 7.Nc3 Qa5 8.e4 Bg4
9.h3 Bxf3 10.Bxf3 e5 11.Be3 Nbd7 12.a3 a6 13.dxe5 Nxe5 14.Be2 Qc7 15.Rc1 Rfe8
16.Qd2 Ned7 17.Qc2 Nc5 18.Bf3 Rad8 19.b4 Ne6 20.Rfd1 Qc8 21.h4 h5 22.Bb6 Rd7
23.Qe2 c5 24.Nd5 Nd4 25.Qd3 Nxf3+ 26.Qxf3  1/2-1/2

[Event "SWE-ch"]
[Site "Linkoping"]
[Date "1996.??.??"]
[Round "6"]
[White "Malmstig, Erik"]
[Black "Lind, Jan Olov"]
[Result "0-1"]
[WhiteElo "2235"]
[BlackElo "2310"]

1.d4 Nf6 2.c4 g6 3.Nf3 Bg7 4.g3 O-O 5.Bg2 d6 6.Nc3 Nbd7 7.O-O e5 8.h3 Re8
9.Be3 exd4 10.Bxd4 c5 11.Be3 Nb6 12.b3 d5 13.Bxc5 dxc4 14.Bd4 Bf5 15.g4 Ne4
16.Bxg7 Kxg7 17.Qc1 Qf6 18.Nb5 Bd7 19.Nc7 Nc3 20.Nxe8+ Rxe8 21.Kh1 Nxe2 22.g5 Qd6
23.Qd1 Qf4 24.bxc4 Bxh3 25.Qb3 Bxg2+ 26.Kxg2 Qg4+ 27.Kh1 Qh5+ 28.Nh2 Qxg5
29.Rae1 Qf6 30.f4 Qc6+ 31.Qf3 Nxc4 32.Rf2 Ng3+ 33.Kg2 Rxe1 34.Qxc6 Ne3+ 35.Kxg3 Nf5+
36.Kg2 bxc6 37.Ng4 Ne3+ 38.Nxe3 Rxe3 39.f5 gxf5 40.Rc2 Re6 41.Rc5  0-1

[Event "SWE-ch"]
[Site "Linkoping"]
[Date "1996.??.??"]
[Round "8"]
[White "Malmstig, Erik"]
[Black "Degerman, Lars"]
[Result "1-0"]
[WhiteElo "2235"]
[BlackElo "2500"]

1.d4 Nf6 2.c4 g6 3.Nf3 Bg7 4.g3 O-O 5.Bg2 d6 6.Nc3 Nc6 7.O-O a6 8.h3 Rb8
9.e4 b5 10.a3 bxc4 11.Qa4 Bb7 12.d5 Na7 13.Be3 Nb5 14.Qxc4 Nxc3 15.bxc3 Nd7
16.Bd4 Qc8 17.Rfb1 c5 18.Bxg7 Kxg7 19.Qe2 a5 20.Bf1 Qc7 21.Qe3 Rfe8 22.Bc4 Ba8
23.Bb5 e6 24.Qd2 exd5 25.exd5 Ne5 26.Nxe5 Rxe5 27.c4 f6 28.f4 Re4 29.Re1 Qe7
30.Rxe4 Qxe4 31.Re1 Qf3 32.Re3 Qh5 33.g4 Qh6 34.Re7+ Kh8 35.Qe3 Qh4 36.a4 h5
37.g5 Rg8 38.Kg2 Rg7 39.Rxg7 Kxg7 40.Qe7+ Kg8 41.gxf6  1-0

[Event "Manresa op"]
[Site "Manresa"]
[Date "1996.??.??"]
[Round "5"]
[White "Spassov, Liuben"]
[Black "Sampera, J."]
[Result "1-0"]
[WhiteElo "2440"]
[BlackElo "2145"]

1.Nf3 Nf6 2.c4 g6 3.g3 Bg7 4.Bg2 d6 5.d4 O-O 6.O-O c6 7.Nc3 a6 8.b3 b5 9.Bb2 bxc4
10.bxc4 Nbd7 11.Rb1 Rb8 12.Ba1 Rxb1 13.Qxb1 c5 14.dxc5 Nxc5 15.Nd4 Qc7 16.Nd5 Nxd5
17.cxd5 Bb7 18.Qc2 Bxd4 19.Bxd4 Ne6 20.Qxc7 Nxc7 21.Rc1 Nb5 22.Bb2 Rc8 23.Rxc8+ Bxc8
24.e4 Kf8 25.f3 Ke8 26.g4 Kd8 27.h4 Kc7 28.a4 Na7 29.a5 Bd7 30.Kf2 Bb5 31.Ke3 Kd7
32.Bd4 Nc8 33.g5 e5 34.Bc3 Na7 35.f4 exf4+ 36.Kxf4 Bc4 37.Bh3+ Ke8 38.Bb4 Nb5
39.Bc8 Nd4 40.Bxd6 Ne2+ 41.Ke3 Nc1 42.Kd4 Bb5 43.Kc5 Nb3+ 44.Kb6 Nd2 45.Bxa6 Bxa6
46.Kxa6 Nxe4 47.Bb4 f5 48.Kb7  1-0

[Event "Manresa op"]
[Site "Manresa"]
[Date "1996.??.??"]
[Round "7"]
[White "Spassov, Liuben"]
[Black "Duran, J."]
[Result "1-0"]
[WhiteElo "2440"]
[BlackElo "2130"]

1.Nf3 Nf6 2.c4 g6 3.g3 Bg7 4.Bg2 d6 5.d4 O-O 6.O-O Nc6 7.Nc3 e5 8.d5 Ne7
9.e4 Nd7 10.b4 a5 11.Ba3 axb4 12.Bxb4 h6 13.a4 f5 14.Nd2 g5 15.a5 Nf6 16.c5 fxe4
17.cxd6 cxd6 18.Ndxe4 Nf5 19.Na4 Nxe4 20.Bxe4 Nd4 21.Nb6 Bf5 22.Bxf5 Rxf5
23.Nxa8 Nf3+ 24.Kg2 Qxa8 25.Qd3 Qc8 26.Rac1 Qd7 27.Rc7 Qxc7 28.Qxf5 Nd4 29.Qe4 Qf7
30.Rc1  1-0

[Event "Mar del Plata op"]
[Site "Mar del Plata"]
[Date "1996.??.??"]
[Round "8"]
[White "Slipak, Sergio"]
[Black "Fiorito, Fabian"]
[Result "1/2-1/2"]
[WhiteElo "2535"]
[BlackElo "2455"]

1.d4 Nf6 2.Nf3 g6 3.c4 Bg7 4.g3 O-O 5.Bg2 d6 6.Nc3 Nbd7 7.O-O e5 8.e4 c6
9.b3 Re8 10.h3 a6 11.d5 cxd5 12.exd5 h6  1/2-1/2

[Event "SVK-ch"]
[Site "Martin"]
[Date "1996.??.??"]
[Round "3"]
[White "Vavrak, Peter"]
[Black "Manik, Mikulas"]
[Result "1/2-1/2"]
[WhiteElo "2110"]
[BlackElo "2345"]

1.d4 Nf6 2.c4 g6 3.g3 Bg7 4.Bg2 O-O 5.Nf3 d6 6.O-O Nbd7 7.Nc3 e5 8.e4 exd4
9.Nxd4 Ng4 10.h3 Nge5 11.b3 Nc5 12.Be3 a5 13.f4 Ned7 14.Qc2 Re8 15.Rad1 c6
16.Rd2 Qe7 17.Bf2 Nf6 18.Re1 Nh5 19.Kh2 Qf8 20.Bf3 Nf6 21.g4 h6 22.Nde2 Ne6
23.Red1 h5 24.Rxd6 hxg4 25.hxg4 Nxf4 26.Nxf4 Nxg4+ 27.Bxg4 Bxg4  1/2-1/2

[Event "SVK-ch"]
[Site "Martin"]
[Date "1996.??.??"]
[Round "7"]
[White "Vavrak, Peter"]
[Black "Petrik, Karol"]
[Result "1/2-1/2"]
[WhiteElo "2110"]
[BlackElo "2260"]

1.d4 Nf6 2.c4 g6 3.g3 Bg7 4.Bg2 d6 5.Nf3 O-O 6.O-O Nc6 7.d5 Na5 8.Nbd2 c5
9.Ne1 a6 10.Rb1 b5 11.b3 Rb8 12.cxb5 axb5 13.e4 b4 14.Nc2 e6 15.Ne3 exd5
16.exd5 Ba6 17.Ndc4 Nxc4 18.bxc4 Ra8 19.a3 bxa3 20.Bxa3 Re8 21.Qd3 Bc8 22.Rb3 Ng4
23.Bb2 Bxb2 24.Rxb2 Qf6 25.Rfb1 Ra1 26.Rxa1 Qxb2 27.Rf1 Bd7 28.h3 Nxe3 29.fxe3 Qe5
30.e4 f5 31.exf5 Bxf5 32.Qf3 Qd4+ 33.Kh1 Qg7 34.g4 Bd7 35.Qf6 Qf8 36.Qxf8+ Rxf8
37.Rxf8+ Kxf8 38.g5 Bf5 39.Kg1 Ke7 40.Kf2 Bd3 41.Bf1 Bxf1 42.Kxf1  1/2-1/2

[Event "Wch U20"]
[Site "Medellin"]
[Date "1996.??.??"]
[Round "3"]
[White "Maherramzade, Javad"]
[Black "Jorquera, Marcelo"]
[Result "1-0"]
[WhiteElo "2415"]
[BlackElo "2015"]

1.d4 Nf6 2.Nf3 g6 3.g3 Bg7 4.Bg2 O-O 5.c4 d6 6.O-O Nc6 7.Nc3 Bf5 8.b3 Ne4
9.Bb2 e5 10.Nd5 Bg4 11.Ne1 Nf6 12.h3 Bd7 13.Nxf6+ Bxf6 14.d5 Nb8 15.e4 Qc8
16.Kh2 Bg7 17.Qd2 f5 18.exf5 Rxf5 19.g4 Rf4 20.Nd3 Bh6 21.Kg1 Qf8 22.Nxf4 Bxf4
23.Qe2 Na6 24.Bc1 Qh6 25.Bxf4 Qxf4 26.Rac1 Rf8 27.Rc3 Qd4 28.Rd3 Qb6 29.Rf3 Rxf3
30.Qxf3 Kg7 31.Qe3 Nb4 32.Qg5 Be8 33.c5 Qxc5 34.Rc1 Qd4 35.Rxc7+ Bf7 36.Qe7 Qf4
37.Rc4 Qd2 38.Rc7 Qf4 39.Rc3 Qf6 40.Qxb7 a5 41.Rf3  1-0

[Event "Wch U20"]
[Site "Medellin"]
[Date "1996.??.??"]
[Round "5"]
[White "Maherramzade, Javad"]
[Black "Manhardt, Thomas"]
[Result "1-0"]
[WhiteElo "2415"]
[BlackElo "2135"]

1.d4 Nf6 2.Nf3 g6 3.g3 Bg7 4.Bg2 O-O 5.c4 d6 6.O-O Nc6 7.Nc3 e5 8.d5 Ne7
9.e4 Nd7 10.Ne1 f5 11.Nd3 Nf6 12.Bg5 Nxe4 13.Nxe4 fxe4 14.Bxe4 Bh3 15.Re1 Qd7
16.f3 Bf5 17.Qd2 Rf7 18.f4 Re8 19.fxe5 dxe5 20.Nc5 Qd6 21.b4 b6 22.Ne6 Bxe4
23.Rxe4 c6 24.Nxg7 Kxg7 25.Rae1 Nf5 26.Bf4 exf4 27.Rxe8 fxg3 28.Qc3+ Kh6
29.hxg3 Nxg3 30.Qe3+ Kg7 31.Re6 Qb8 32.d6 Nh5 33.Qe5+ Kh6 34.Re8  1-0

[Event "Wch U20"]
[Site "Medellin"]
[Date "1996.??.??"]
[Round "6"]
[White "Vescovi, Giovanni"]
[Black "Tirard, Hugo"]
[Result "1-0"]
[WhiteElo "2490"]
[BlackElo "2395"]

1.Nf3 Nf6 2.g3 g6 3.Bg2 Bg7 4.d4 O-O 5.c4 d6 6.O-O Nc6 7.Nc3 a6 8.d5 Na5
9.Nd2 c5 10.Qc2 Rb8 11.Rb1 b5 12.b3 h5 13.Bb2 bxc4 14.bxc4 h4 15.Nce4 hxg3
16.hxg3 Nxe4 17.Bxe4 Bxb2 18.Rxb2 Rxb2 19.Qxb2 e5 20.dxe6 Bxe6 21.Bd5 Bxd5
22.cxd5 Qb8 23.Qf6 Qb4 24.Kg2 Qd4 25.Qxd4 cxd4 26.Rb1 Rc8 27.Ne4 Rc2 28.g4 g5
29.Rb8+ Kh7 30.Nxg5+ Kg7 31.Nf3 Rxa2 32.Nxd4 Nc4 33.Kg3 Rd2 34.Nf5+ Kh7 35.e4 a5
36.Rc8 Rd3+ 37.Kf4 Ne5 38.Nxd6 Ng6+ 39.Kg5 Rf3 40.Ne8 Ne7 41.d6  1-0

[Event "Wch U20"]
[Site "Medellin"]
[Date "1996.??.??"]
[Round "9"]
[White "Pereyra Arcija, Diego"]
[Black "Irzhanov, Ruslan"]
[Result "0-1"]
[WhiteElo "2420"]
[BlackElo "2535"]

1.d4 Nf6 2.c4 g6 3.Nf3 Bg7 4.g3 O-O 5.Bg2 d6 6.O-O Nc6 7.Nc3 e5 8.d5 Ne7
9.c5 Ne8 10.cxd6 Nxd6 11.Qb3 h6 12.Rd1 f5 13.Nd2 g5 14.Nc4 f4 15.e4 Ng6 16.Bd2 Rf7
17.Rac1 Bf8 18.Nb5 h5 19.Ba5 Nxb5 20.Qxb5 a6 21.Qb3 b5 22.d6 bxc4 23.Rxc4 Bxd6
24.Rxc7 Qxc7 25.Bxc7 Bxc7 26.Bf1 Rb8 27.Qa4 Kg7 28.Bc4 Re7 29.Rd2 Rb6 30.b4 Rf6
31.Qd1 g4 32.Kg2 h4 33.a4 Bb6 34.Rd6 h3+ 35.Kg1 Bd4 36.Rxf6 Kxf6 37.Kf1 Rc7
38.Qd3 f3 39.Ke1 Nf8 40.Bxa6 Bc3+ 41.Kf1 Rd7  0-1

[Event "Wch U20 Girls"]
[Site "Medellin"]
[Date "1996.??.??"]
[Round "10"]
[White "Meissner, Claudia"]
[Black "Goletiani, Rusudan"]
[Result "1-0"]
[WhiteElo "2130"]
[BlackElo "2250"]

1.d4 Nf6 2.c4 g6 3.Nf3 Bg7 4.g3 O-O 5.Bg2 d6 6.O-O Nbd7 7.Nc3 c6 8.e4 e5
9.h3 Re8 10.Be3 Qe7 11.Re1 a6 12.a4 a5 13.Qc2 Nf8 14.Rad1 Qc7 15.dxe5 dxe5
16.Bc5 N6d7 17.Bd6 Qb6 18.Nb1 Ne6 19.Nbd2 c5 20.Nb1 Nd4 21.Nxd4 cxd4 22.c5 Qc6
23.Bf1 Re6 24.Na3 Nxc5 25.Bxc5 b6 26.Bxd4 exd4 27.Bc4 Rd6 28.Bd5 Qxc2 29.Nxc2 Rb8
30.Nxd4 Bxh3 31.Nc6 Rxc6 32.Bxc6 Bxb2 33.e5 Rc8 34.Bd7 Bxd7 35.Rxd7 Re8 36.Rb1 Bxe5
37.Rxb6 Kg7 38.Rc6 Bf6 39.Rcc7 Rf8 40.Rd3 h5 41.Kg2 Bd8 42.Rb7 Bf6 43.f4 Rc8
44.Rdd7 Rf8 45.Rbc7 Bd8 46.Rc6 Bf6 47.Ra7 Bd8 48.Kf3 Re8 49.Ra8 Kf8 50.Rcc8 Ke7
51.Ra7+ Kf8 52.Rb8 Kg7 53.Raa8  1-0

[Event "Meisdorf op"]
[Site "Meisdorf"]
[Date "1996.??.??"]
[Round "?"]
[White "Kalinitschew, Sergey"]
[Black "Kovalev, Andrei"]
[Result "1-0"]
[WhiteElo "2505"]
[BlackElo "2495"]

1.d4 Nf6 2.Nf3 g6 3.c4 Bg7 4.g3 d6 5.Bg2 O-O 6.Nc3 Nbd7 7.O-O e5 8.e4 c6
9.b3 Re8 10.h3 Qa5 11.Bd2 Qb6 12.Be3 Qa5 13.Qc2 b5 14.b4 Qxb4 15.Rfb1 Qxc4
16.Bf1 Qe6 17.d5 cxd5 18.Nxb5 d4 19.Nc7 Qe7 20.Nxe8 Nc5 21.Bxd4 exd4 22.Nxg7 d3
23.Bxd3 Bxh3 24.Nf5 gxf5 25.exf5 Nxd3 26.Qxd3 Qd7 27.Nd4 Ng4 28.Qf3 Re8 29.Qh1 Qa4
30.Rd1 Nxf2 31.Kxf2 Bg4 32.Qc6 Bxd1 33.Rxd1 Qxa2+ 34.Qc2 Qa3 35.Rd3 Qa1 36.Qd1 Qb2+
37.Qd2 Qa1 38.f6 Kh8 39.Re3 Rb8 40.Kg2 Qb1 41.Qe2 Qb7+ 42.Kf2 Qc8 43.Re7 Qg8
44.Nf5 a5  1-0

[Event "Minsk op"]
[Site "Minsk"]
[Date "1996.??.??"]
[Round "2"]
[White "Timoshenko, Georgy"]
[Black "Frolov, Denis"]
[Result "1-0"]
[WhiteElo "2500"]
[BlackElo "2340"]

1.d4 Nf6 2.c4 g6 3.Nf3 Bg7 4.g3 d6 5.Bg2 O-O 6.O-O Nbd7 7.Nc3 e5 8.e4 exd4
9.Nxd4 Re8 10.h3 Nc5 11.Re1 a5 12.b3 c6 13.Bf4 a4 14.Rb1 axb3 15.axb3 Nh5
16.Be3 Qe7 17.b4 Ne6 18.Nde2 Ng5 19.Kh2 h6 20.f4 Nh7 21.Nd4 Bd7 22.Rb3 N5f6
23.Bf2 Kh8 24.b5 c5 25.Nc2 Ng8 26.Ne3 Bxc3 27.Rxc3 Ra2 28.Rc2 Rea8 29.Qd2 Rxc2
30.Qxc2 Ngf6 31.Qb2 Kg8 32.e5 dxe5 33.fxe5 Ne8 34.Bxb7 Rb8 35.Bg2 Ng5 36.h4 Ne6
37.Qd2 h5 38.Nd5 Qf8 39.Ra1 Rd8 40.Qb2 Bc8 41.b6  1-0

[Event "Minsk op"]
[Site "Minsk"]
[Date "1996.??.??"]
[Round "3"]
[White "Skomorokhin, Roman"]
[Black "Kozel, Roman"]
[Result "1/2-1/2"]
[WhiteElo "2450"]
[BlackElo "2365"]

1.Nf3 Nf6 2.c4 g6 3.d4 Bg7 4.g3 O-O 5.Bg2 d6 6.O-O Nc6 7.Nc3 Bg4 8.d5 Bxf3
9.exf3 Na5 10.Qe2 c5 11.Bd2 a6 12.Rab1 Re8 13.f4 Rb8 14.b3 e6 15.Qd3 exd5
16.Nxd5 Nc6 17.Rbe1 Qd7 18.Re3 Nxd5 19.Bxd5 Bd4 20.Ree1 Ne7 21.Bg2 d5 22.cxd5 Nxd5
23.Qf3 Rxe1 24.Rxe1 Rd8 25.Ba5 b6 26.Qxd5 bxa5 27.Qxd7 Rxd7 28.Re8+ Kg7 29.Bf1 a4
30.Bxa6 axb3 31.axb3 h5 32.Bc4 Ra7 33.Rd8 Kh6 34.b4 Bf6 35.Rd6 Be7 36.Rc6 Kg7
37.b5 Ra4 38.Bf1 h4 39.Rc7 Kf6 40.Rc6+ Kg7 41.Kg2 Ra1 42.Bc4 Ra4 43.Bd5 Rd4
44.Bf3 Rb4 45.Be2 Rb2 46.Bf1 Rb1 47.Be2 Rb2 48.Kf3 Rb3+ 49.Ke4 Rb4+ 50.Ke3 Rb3+
51.Kd2 Rb2+ 52.Kd1 h3 53.Rc7 Kf6 54.Ke1 Bd8 55.Rc6+ Kg7 56.Ra6 Bf6 57.Ra3 Bd4
58.g4 Rb1+ 59.Kd2 Rb2+ 60.Kd1  1/2-1/2

[Event "Minsk"]
[Site "Minsk"]
[Date "1996.??.??"]
[Round "4"]
[White "Filippov, Valerij"]
[Black "Lyrberg, Patrik"]
[Result "0-1"]
[WhiteElo "2530"]
[BlackElo "2425"]

1.Nf3 Nf6 2.c4 g6 3.d4 Bg7 4.g3 O-O 5.Bg2 d6 6.Nc3 Nbd7 7.O-O e5 8.e4 a6
9.h3 b5 10.cxb5 axb5 11.b4 c5 12.bxc5 b4 13.Ne2 Bb7 14.cxd6 Nxe4 15.dxe5 Nxe5
16.Nxe5 Bxe5 17.Bh6 Re8 18.Rb1 Qxd6 19.Qb3 Nd2 20.Bxd2 Bxg2 21.Kxg2 Qxd2
22.Nc1 Ra3 23.Nd3 Rxb3 24.Rxb3 Bc3  0-1

[Event "Minsk op"]
[Site "Minsk"]
[Date "1996.??.??"]
[Round "4"]
[White "Neverov, Valeriy"]
[Black "Cherevatenko, Roman"]
[Result "1-0"]
[WhiteElo "2515"]
[BlackElo "2430"]

1.d4 Nf6 2.c4 g6 3.Nf3 Bg7 4.g3 O-O 5.Bg2 d6 6.O-O Nc6 7.Nc3 a6 8.d5 Na5
9.Nd2 c5 10.Qc2 e5 11.a3 b6 12.b4 Nb7 13.Rb1 Bd7 14.e4 Nh5 15.bxc5 Nxc5 16.Nb3 Qc7
17.Nxc5 bxc5 18.Bd2 Rab8 19.Rxb8 Rxb8 20.Rb1 Bf6 21.Nd1 Rxb1 22.Qxb1 Bd8
23.f3 Qb6 24.Qc2 Qb7 25.Nf2 Qc8 26.Qb2 f6 27.f4 Bc7 28.Bf3 Ng7 29.g4 Qb8
30.Qxb8+ Bxb8 31.g5 Nh5 32.Bxh5 gxh5 33.gxf6 Ba4 34.fxe5 dxe5 35.Be3 Bd6
36.Nd3 Bb3 37.Bxc5 Bxc4 38.Bxd6 Bxd3 39.Bxe5 Bxe4 40.d6 Bc6 41.Kf2  1-0

[Event "Monaco tt"]
[Site "Monte Carlo"]
[Date "1996.??.??"]
[Round "2"]
[White "Garcia, Raul"]
[Black "Babault, Patrice"]
[Result "1/2-1/2"]
[WhiteElo "2285"]
[BlackElo "2305"]

1.d4 Nf6 2.Nf3 g6 3.c4 Bg7 4.g3 O-O 5.Bg2 d6 6.O-O c6 7.Nc3 Qa5 8.h3 Be6
9.Qd3 Qa6 10.b3 d5 11.Ne5 Rd8 12.Rd1 dxc4 13.Nxc4 Nd5 14.Ne4 Nd7 15.Bb2 N5f6
16.Nxf6+ Bxf6 17.Qc2 Bxc4 18.Qxc4 Qxc4 19.bxc4 c5 20.e3 cxd4 21.exd4 Nb6
22.Rac1 Rd7  1/2-1/2